<?xml version="1.0" encoding="UTF-8"?>
<marc:record xmlns:marc="http://www.loc.gov/MARC21/slim">
   <marc:leader>00000nam a2200000 a 4500</marc:leader>
   <marc:datafield ind1="1" ind2=" " tag="100">
      <marc:subfield code="a">Caine, Rachel</marc:subfield>
      <marc:subfield code="4">aut</marc:subfield>
      <marc:subfield code="e">Verfasser/-in</marc:subfield>
   </marc:datafield>
   <marc:datafield ind1="0" ind2="0" tag="245">
      <marc:subfield code="a">Haus der Vampire</marc:subfield>
   </marc:datafield>
   <marc:datafield ind1="0" ind2="0" tag="245">
      <marc:subfield code="c">Rachel Caine. Aus dem Amerikan. von Sonja Häußler</marc:subfield>
   </marc:datafield>
   <marc:datafield ind1=" " ind2="1" tag="264">
      <marc:subfield code="a">Würzburg</marc:subfield>
      <marc:subfield code="b">Arena</marc:subfield>
      <marc:subfield code="c">2013</marc:subfield>
   </marc:datafield>
   <marc:datafield ind1=" " ind2=" " tag="250">
      <marc:subfield code="a">1. Aufl.</marc:subfield>
   </marc:datafield>
   <marc:datafield ind1="1" ind2=" " tag="520">
      <marc:subfield code="a">Angaben aus der Verlagsmeldung

Gefährliche Sehnsucht : Haus der Vampire / von Rachel Caine

Claire entdeckt eine Möglichkeit, Vampirkräfte zu nutzen, um das Geheimnis von Morganville vor Fremden zu wahren. Aber die Menschen vergessen dadurch, wer sie sind, und auch die Vampire leiden an Gedächtnisverlust - mit tödlicher Konsequenz. Als sogar Claires Freund Shane beginnt, sie wie eine Fremde zu behandeln, erkennt Claire, dass sie das Experiment sofort stoppen muss - bevor sie selbst vergisst, wie sie ihre Freunde und die Vampirstadt retten kann.
</marc:subfield>
   </marc:datafield>
   <marc:datafield ind1=" " ind2=" " tag="020">
      <marc:subfield code="a">9783401504568</marc:subfield>
      <marc:subfield code="9">9783401504568</marc:subfield>
   </marc:datafield>
   <marc:datafield ind1=" " ind2=" " tag="020">
      <marc:subfield code="a">3401504568</marc:subfield>
      <marc:subfield code="9">3401504568</marc:subfield>
   </marc:datafield>
   <marc:datafield ind1=" " ind2=" " tag="300">
      <marc:subfield code="a">362 S.</marc:subfield>
   </marc:datafield>
</marc:record>
